000
00308nam a2200121Ia 4500
008
230627s9999 xx 000 0 und d
041
_a
eng
082
_a
345.05
_b
MIS
100
_a
Misra S. N
245
_a
Code Of Criminal Procedure
250
_a
10ed.
260
_a
Allahabad
_b
Central Law Publications
_c
2001
999
_c
702587
_d
702587